004320000a2200157000450000500170000094200090001710000320002624500170005826000420007530000080011704000080012536500080013365000280014199900190016995200860018820120302065121.0 cBOOK a Arvikar, Pa.Pu.Babamaharaj a Brahmaninad aSolapur:Sangati Prakashan Samiti,1988 a48p aMAR b5/- aSantavangmay, Vaicharik c363935d363932 00104070aIOSbIOSd2009-12-02l0pIOS-M 24990r2009-12-02 00:00:00w2009-12-02